Nommez toutes les tessitures - Statistiques

Statistiques générales
  • Ce quiz a été pris 28 fois
  • Le résultat moyen est 4 sur 6
Statistiques - réponses
Tessiture Nom de la tessiture % Correct
do4 - do6 Soprano
96%
mi2 - mi4 Basse
85%
do3 - si♭4 Ténor
73%
sol2 - sol4 Baryton
69%
la3 - la5 Mezzo-soprano
54%
fa3 - fa5 Contralto
23%
Aucun quiz correspondant
Distribution des résultats
% des personnes avec chaque résultat
Percentile par nombre de réponses
Votre historique - résultats
Vous n’avez pas pris ce quiz